000
00299nam a22001337a 4500
008
181102b xxu||||| |||| 00| 0 eng d
020
_a
97 8031 4642 844
041
_a
eng
080
_a
101
100
_a
24
101
_a
FIL
245
_a
Basic Logic
_c
Yanal,R.J
942
_2
udc
_c
BK
999
_c
51735
_d
51735